000
00241nam a22000977a 4500
008
140211t xxu||||| |||| 00| 0 eng d
100
_a
Lucian W. Pye
_9
696
245
_a
Aspects of political development
300
_a
xiii, 205 p.
942
_2
ddc
_c
BK
999
_c
16955
_d
16955